Geography Quiz

Random Geography or State Quiz
Score 0/24 Timer 06:00
0 Plays Today
% Correct
Scioto R. (Ohio)
83.2%
Ohio River Minor Tributaries
80.3%
Great Miami R. (Ohio)
79.6%
Muskingum R. (Ohio)
77.1%
Mahoning R. (Beaver)
74.9%
Black and Rocky R. (Erie)
70.3%
Cuyahoga R. (Erie)
69.9%
Maumee R. (Erie)
68.5%
Sandusky R. (Erie)
67.7%
Chagrin R. (Erie)
67.4%
Raccoon Creek (Ohio)
66.7%
Little Miami R. (Ohio)
65.6%
% Correct
Hocking R. (Ohio)
63.8%
Conneaut Creek (Erie)
62.4%
Mill Creek (Ohio)
62.4%
Ashtabula R. (Erie)
61.3%
Portage R. (Erie)
55.2%
Wabash R. (Ohio)
54.5%
Huron and Vermilion R. (Erie)
54.1%
Shenango R. (Beaver)
51.3%
Whitewater R. (Great Miami)
50.5%
River Raisin (Erie)
47%
Ottawa R. (Erie)
44.8%
Grand R. (Erie)
40.1%
Remove Ads.
Support Sporcle.
Get the best of Sporcle when you Go Orange. This ad-free experience offers more features, more stats, and more fun while also helping to support Sporcle. Thank you for becoming a member.

You're not logged in!

Compare scores with friends on all Sporcle quizzes.
OR
Log In

Show Comments

Extras

Top Quizzes Today


Score Distribution

Your Account Isn't Verified!

In order to create a playlist on Sporcle, you need to verify the email address you used during registration. Go to your Sporcle Settings to finish the process.

Report this User

Report this user for behavior that violates our Community Guidelines.

Details: